000 00719nam a2200241 i 4500
001 bg
100 1 _aSchroder, Carla.
245 1 0 _aLinux receptury /
_cCarla Schroder.
260 _aGliwice :
_b"Helion",
_c2005.
300 _a554 s. ;
_c24 cm.
500 _aU góry okł. : Zbiór praktycznych porad dla użytkowników i administratorów Linuksa.
504 _aIndeks.
650 9 _aLinux
655 _aPodręczniki
020 _a8373618791
040 _cBPK
041 1 _apol
_heng
080 _a004.451(07)
920 _a83-7361-879-1
942 _cKS
008 s pl f |000 0 pol
999 _c46627
_d46627
856 _uhttp://koha.tu.koszalin.pl/cgi-bin/koha/opac-detail.pl?biblionumber=46627
_yKatalog online BPK